Propuestas de intervención en el aula: técnicas para lograr un clima favorable en la clase

Gardado en:
Detalles Bibliográficos
Main Authors: Gómez Masdevall, María Teresa (Author), Serrats i Paretas, María Gracia (Author)
Outros autores: Mir Costa, Victoria (autora)
Formato: Libro
Idioma:Lingua castelá
Publicado: Madrid Narcea S. A de Ediciones 2004
Edición:7a. ed
Subjects:
Tags: Engadir etiqueta
Sen Etiquetas, Sexa o primeiro en etiquetar este rexistro!

MARC

LEADER 00000cam a2200000 a 4500
001 UCC4829
003 CL-VaPUC
008 180831e20040000sp |||||||||||||||||spa|d
020 |a 8427709234 
082 0 4 |a 371.1024  |b GOM  |2 21 
100 |a Gómez Masdevall, María Teresa  |e author  |9 599026 
700 |a Mir Costa, Victoria  |e autora  |9 532001 
700 0 |a Serrats i Paretas, María Gracia  |e author  |9 599028 
245 1 0 |a Propuestas de intervención en el aula: técnicas para lograr un clima favorable en la clase 
250 |a 7a. ed 
300 |a 286 p 
942 |c BK 
945 |d 20180831 12:04:00  |a dcastane 
260 |a Madrid  |b Narcea S. A de Ediciones  |c 2004 
650 0 |a Métodos de enseñanza  |9 270413 
650 7 |a METODO DE MONTESSORI  |2 CL-VaPUC  |9 599029 
650 7 |a DISCIPLINA  |2 CL-VaPUC  |9 308401 
583 |a last modification  |c 20180831 12:04:00  |k Rodrigo Vera 
999 |c 372215  |d 372213